<?xml version="1.0" encoding="UTF-8"?>
<record
    xmlns:xsi="http://www.w3.org/2001/XMLSchema-instance"
    xsi:schemaLocation="http://www.loc.gov/MARC21/slim http://www.loc.gov/standards/marcxml/schema/MARC21slim.xsd"
    xmlns="http://www.loc.gov/MARC21/slim">

  <leader>00917nam a22002297a 4500</leader>
  <datafield tag="999" ind1=" " ind2=" ">
    <subfield code="c">64166</subfield>
    <subfield code="d">64166</subfield>
  </datafield>
  <controlfield tag="005">20240530110718.0</controlfield>
  <controlfield tag="008">180311s2017    ua     g      000 | ara d</controlfield>
  <datafield tag="017" ind1=" " ind2=" ">
    <subfield code="a">2017/2853</subfield>
    <subfield code="b">&#x645;&#x635;&#x631;. &#x62F;&#x627;&#x631; &#x627;&#x644;&#x643;&#x62A;&#x628;</subfield>
  </datafield>
  <datafield tag="020" ind1=" " ind2=" ">
    <subfield code="a">9789773193263</subfield>
  </datafield>
  <datafield tag="040" ind1=" " ind2=" ">
    <subfield code="a">EG-CaGPL</subfield>
    <subfield code="c">EG-CaGPL</subfield>
  </datafield>
  <datafield tag="082" ind1="0" ind2="4">
    <subfield code="2">21</subfield>
    <subfield code="a">951 /</subfield>
    <subfield code="b">&#x62C; &#x62A;</subfield>
  </datafield>
  <datafield tag="100" ind1="1" ind2=" ">
    <subfield code="a">&#x62C;&#x64A;&#x627;&#x60C; &#x62A;&#x634;&#x627;&#x646;&#x63A; &#x628;&#x627;&#x649;</subfield>
  </datafield>
  <datafield tag="245" ind1="1" ind2="2">
    <subfield code="a">&#x627;&#x644;&#x62A;&#x62C;&#x631;&#x628;&#x629; &#x627;&#x644;&#x635;&#x64A;&#x646;&#x64A;&#x629; : </subfield>
    <subfield code="b">&#x627;&#x644;&#x645;&#x627;&#x636;&#x649; &#x648;&#x627;&#x644;&#x62D;&#x627;&#x636;&#x631; &#x648;&#x627;&#x644;&#x645;&#x633;&#x62A;&#x642;&#x628;&#x644; /</subfield>
    <subfield code="c">&#x62A;&#x627;&#x644;&#x64A;&#x641; &#x62A;&#x634;&#x627;&#x646;&#x63A; &#x628;&#x627;&#x649; &#x62C;&#x64A;&#x627; &#x61B; &#x62A;&#x631;&#x62C;&#x645;&#x629; &#x628;&#x64A;&#x62A; &#x627;&#x644;&#x62D;&#x643;&#x645;&#x629;</subfield>
  </datafield>
  <datafield tag="250" ind1=" " ind2=" ">
    <subfield code="a">&#x637;. 1</subfield>
  </datafield>
  <datafield tag="260" ind1=" " ind2=" ">
    <subfield code="a">&#x627;&#x644;&#x642;&#x627;&#x647;&#x631;&#x629; : </subfield>
    <subfield code="b">&#x627;&#x644;&#x639;&#x631;&#x628;&#x649; &#x644;&#x644;&#x646;&#x634;&#x631; &#x648; &#x627;&#x644;&#x62A;&#x648;&#x632;&#x64A;&#x639; &#x60C;</subfield>
    <subfield code="c">2017.</subfield>
  </datafield>
  <datafield tag="300" ind1=" " ind2=" ">
    <subfield code="a">232 &#x635;. &#x61B;</subfield>
    <subfield code="c">19 &#x633;&#x645;.</subfield>
  </datafield>
  <datafield tag="650" ind1=" " ind2=" ">
    <subfield code="2">qrmak</subfield>
    <subfield code="a">&#x627;&#x644;&#x627;&#x646;&#x62A;&#x627;&#x62C;</subfield>
    <subfield code="z">&#x627;&#x644;&#x635;&#x64A;&#x646;</subfield>
  </datafield>
  <datafield tag="651" ind1="0" ind2="7">
    <subfield code="2">qrmak</subfield>
    <subfield code="a">&#x627;&#x644;&#x635;&#x64A;&#x646;</subfield>
    <subfield code="x">&#x627;&#x644;&#x627;&#x62D;&#x648;&#x627;&#x644; &#x627;&#x644;&#x627;&#x62C;&#x62A;&#x645;&#x627;&#x639;&#x64A;&#x629;</subfield>
  </datafield>
  <datafield tag="651" ind1="0" ind2="7">
    <subfield code="2">qrmak</subfield>
    <subfield code="a">&#x627;&#x644;&#x635;&#x64A;&#x646;</subfield>
    <subfield code="x">&#x627;&#x644;&#x627;&#x62D;&#x648;&#x627;&#x644; &#x627;&#x644;&#x627;&#x642;&#x62A;&#x635;&#x627;&#x62F;&#x64A;&#x629;</subfield>
  </datafield>
  <datafield tag="942" ind1=" " ind2=" ">
    <subfield code="2">ddc</subfield>
    <subfield code="c">BK</subfield>
  </datafield>
  <datafield tag="952" ind1=" " ind2=" ">
    <subfield code="0">0</subfield>
    <subfield code="1">0</subfield>
    <subfield code="4">0</subfield>
    <subfield code="7">0</subfield>
    <subfield code="a">CAI</subfield>
    <subfield code="b">CAI</subfield>
    <subfield code="c">MAIN-LIBRARY</subfield>
    <subfield code="d">2018-03-12</subfield>
    <subfield code="l">0</subfield>
    <subfield code="o">951  / &#x62C; &#x62A;</subfield>
    <subfield code="p">164308</subfield>
    <subfield code="r">2018-03-12 00:00:00</subfield>
    <subfield code="w">2018-03-12</subfield>
    <subfield code="y">BK</subfield>
  </datafield>
</record>
